The definitive guide to fortnite 2020 / (Record no. 7976)
[ view plain ]
| 000 -LEADER | |
|---|---|
| fixed length control field | 01124nam a22002057a 4500 |
| 001 - CONTROL NUMBER | |
| control field | 7976 |
| 003 - CONTROL NUMBER IDENTIFIER | |
| control field | FISKH |
| 005 - DATE AND TIME OF LATEST TRANSACTION | |
| control field | 20250828133434.0 |
| 008 - FIXED-LENGTH DATA ELEMENTS--GENERAL INFORMATION | |
| fixed length control field | 250815b cb ||||| |||| 00| 0 eng d |
| 020 ## - INTERNATIONAL STANDARD BOOK NUMBER | |
| International Standard Book Number | 9781912456376 |
| 040 ## - CATALOGING SOURCE | |
| Original cataloging agency | FISKH |
| Language of cataloging | eng |
| Transcribing agency | FISKH |
| Modifying agency | FISKH |
| 082 ## - DEWEY DECIMAL CLASSIFICATION NUMBER | |
| Classification number | 794.8 |
| 100 ## - MAIN ENTRY--PERSONAL NAME | |
| Personal name | Berry, Naomi |
| 245 ## - TITLE STATEMENT | |
| Title | The definitive guide to fortnite 2020 / |
| Statement of responsibility, etc. | By Naomi Berry |
| 260 ## - PUBLICATION, DISTRIBUTION, ETC. | |
| Place of publication, distribution, etc. | Edinburgh, Scotland : |
| Name of publisher, distributor, etc. | Pillar Box Red , |
| Date of publication, distribution, etc. | 2019. |
| 300 ## - PHYSICAL DESCRIPTION | |
| Extent | 62 pages : |
| Other physical details | color illustrations ; |
| Dimensions | 29 cm . |
| 520 ## - SUMMARY, ETC. | |
| Summary, etc. | The world has gone mad for Fortnite with millions of people around the world heading into battle. If you're a fan there's no better way to sharpen your skill than with this definitive guide. Give yourself the upper hand and learn everything from the basics on gathering, building and surviving to how to navigate the map and pro survival tips. There's all the tactics, tricks and strategies you need to give you an edge in the world's most popular online game. And if that's not enough there are puzzles, quizzes and games to test your knowledge and sharpen your wit. |
| 942 ## - ADDED ENTRY ELEMENTS (KOHA) | |
| Source of classification or shelving scheme | Dewey Decimal Classification |
| Koha item type | Books |
| Suppress in OPAC | No |
| Withdrawn status | Lost status | Source of classification or shelving scheme | Damaged status | Not for loan | Collection | Home library | Current library | Shelving location | Date acquired | Total Checkouts | Full call number | Barcode | Date last seen | Price effective from | Koha item type |
|---|---|---|---|---|---|---|---|---|---|---|---|---|---|---|---|
| Dewey Decimal Classification | Non-Fiction | Footprints International School Library Network Toul Tom Poung Campus | Footprints International School Library Network Toul Tom Poung Campus | TTP Secondary Non-Fiction Bookshelves | 08/15/2025 | BER 794.8 | 2025-4115 | 08/15/2025 | 08/15/2025 | Books |
